<?xml version="1.0" encoding="UTF-8"?>
<record
    xmlns:xsi="http://www.w3.org/2001/XMLSchema-instance"
    xsi:schemaLocation="http://www.loc.gov/MARC21/slim http://www.loc.gov/standards/marcxml/schema/MARC21slim.xsd"
    xmlns="http://www.loc.gov/MARC21/slim">

  <leader>04346nam a22005777a 4500</leader>
  <controlfield tag="008">140202b        ck ||||| |||| 00| 0 spa d</controlfield>
  <datafield tag="020" ind1=" " ind2=" ">
    <subfield code="a">987-1004-13-3</subfield>
  </datafield>
  <datafield tag="082" ind1="0" ind2="4">
    <subfield code="a">302.23 / P99m</subfield>
  </datafield>
  <datafield tag="100" ind1="1" ind2=" ">
    <subfield code="a">Piscitelli, Alejandro</subfield>
    <subfield code="9">75130</subfield>
  </datafield>
  <datafield tag="245" ind1="1" ind2="0">
    <subfield code="a">Meta-cultura : el eclipse de los medios masivos en la era de la Internet / Alejandro Piscitelli</subfield>
  </datafield>
  <datafield tag="264" ind1=" " ind2=" ">
    <subfield code="a">Buenos Aires : La Cruj&#xED;a, 2002</subfield>
  </datafield>
  <datafield tag="300" ind1=" " ind2=" ">
    <subfield code="a">271 p. ; 20 cm.</subfield>
  </datafield>
  <datafield tag="490" ind1="0" ind2=" ">
    <subfield code="a">Categor&#xED;as, Colecci&#xF3;n Inclusiones.</subfield>
    <subfield code="9">95291</subfield>
  </datafield>
  <datafield tag="505" ind1="0" ind2="0">
    <subfield code="a">Prefacio / N&#xE9;stor Garc&#xED;a Canclini -- Avant la lettre -- De la raz&#xF3;n anal&#xED;tica a la raz&#xF3;n sint&#xE9;tica. &#xBF;Puede</subfield>
  </datafield>
  <datafield tag="505" ind1="0" ind2="0">
    <subfield code="a">el pensa-miento ser, si no es lineal? -- S&#xF3;crates en el laberinto -- La red es la computadora -- Hardware</subfield>
  </datafield>
  <datafield tag="505" ind1="0" ind2="0">
    <subfield code="a">virtual. Rompiendo una nueva discontinuidad -- Enredados. Tele-ciudadanos de las ciberculturas -- De las</subfield>
  </datafield>
  <datafield tag="505" ind1="0" ind2="0">
    <subfield code="a">comunidades textuales a las comunidades electr&#xF3;nicas -- Virtualidad y mundos-redes -- &#xBF;Pragmatismo o</subfield>
  </datafield>
  <datafield tag="505" ind1="0" ind2="0">
    <subfield code="a">convivialidad? -- Clasificar para reinar: cuando la red es la sociedad -- Redes acad&#xE9;micas, post-desarrollo y</subfield>
  </datafield>
  <datafield tag="505" ind1="0" ind2="0">
    <subfield code="a">complejidad -- Intelpresas, hiper-redes y estrategias ciberculturales -- El complejo de Frankestein. El</subfield>
  </datafield>
  <datafield tag="505" ind1="0" ind2="0">
    <subfield code="a">impacto de los robots en las im&#xE1;genes del hombre -- La revoluci&#xF3;n de los robots -- De homo sapiens a machina</subfield>
  </datafield>
  <datafield tag="505" ind1="0" ind2="0">
    <subfield code="a">sapiens -- La derrota de V&#xED;ctor Frankenstein -- La raz&#xF3;n instrumental y la autonomizaci&#xF3;n de lo artificial --</subfield>
  </datafield>
  <datafield tag="505" ind1="0" ind2="0">
    <subfield code="a">Cuando la m&#xE1;quina es la sociedad -- El tiempo se acaba. Del p&#xE9;ndulo a la m&#xE1;quina virtual -- La modernidad fue</subfield>
  </datafield>
  <datafield tag="505" ind1="0" ind2="0">
    <subfield code="a">un reloj de agujas aceitadas -- Las dimensiones crean al mundo -- Los objetos se ponen a hablar --</subfield>
  </datafield>
  <datafield tag="505" ind1="0" ind2="0">
    <subfield code="a">Antropolog&#xED;a post-org&#xE1;nica -- Meta-comunicaci&#xF3;n -- La edad media, una &#xE9;poca muy poco oscura -- Hacer y</subfield>
  </datafield>
  <datafield tag="505" ind1="0" ind2="0">
    <subfield code="a">deshacer la historia -- El estribo, el arado y la domesticaci&#xF3;n de energ&#xED;a -- Las revoluciones invisibles --</subfield>
  </datafield>
  <datafield tag="505" ind1="0" ind2="0">
    <subfield code="a">Lo imaginario en la evoluci&#xF3;n social -- Creencias y vida cotidiana -- Del contacto como experimento mental.</subfield>
  </datafield>
  <datafield tag="505" ind1="0" ind2="0">
    <subfield code="a">Introducci&#xF3;n a la xenolog&#xED;a -- De esc&#xE9;pticos, creyentes y oscurantistas -- La cuesti&#xF3;n del contacto --</subfield>
  </datafield>
  <datafield tag="505" ind1="0" ind2="0">
    <subfield code="a">Contacto como experimento mental -- Sociolog&#xED;a de SETI -- Hacia el control social de la tecnolog&#xED;a -- Gregory</subfield>
  </datafield>
  <datafield tag="505" ind1="0" ind2="0">
    <subfield code="a">Bateson: pol&#xED;grafo -- Un hombre con cualidades -- El largo y sinuoso camino de la s&#xED;ntesis -- El hombre que no</subfield>
  </datafield>
  <datafield tag="505" ind1="0" ind2="0">
    <subfield code="a">gustaba de los detalles -- El retorno de lo mental -- La pol&#xED;tica de la experiencia -- Terrorismo intelectual</subfield>
  </datafield>
  <datafield tag="505" ind1="0" ind2="0">
    <subfield code="a">y canibalismo simb&#xF3;lico -- &#xBF;Saturaci&#xF3;n comunicativa o emancipaci&#xF3;n narrativa? Una inevitable colisi&#xF3;n de</subfield>
  </datafield>
  <datafield tag="505" ind1="0" ind2="0">
    <subfield code="a">intereses -- Oralidad, imprenta y disciplinamiento -- &#xBF;Alpargatas (MTV) s&#xED;, libros no? -- Cr&#xF3;nica TV y los</subfield>
  </datafield>
  <datafield tag="505" ind1="0" ind2="0">
    <subfield code="a">usos de la neo-televisi&#xF3;n -- La televisi&#xF3;n dej&#xF3; de ser un medio masivo -- Media culpa. La competencia</subfield>
  </datafield>
  <datafield tag="505" ind1="0" ind2="0">
    <subfield code="a">argumentativa universalizante se va al tacho pero la raz&#xF3;n a&#xFA;n no lo sabe -- Gelassenheit, habladur&#xED;as y una</subfield>
  </datafield>
  <datafield tag="505" ind1="0" ind2="0">
    <subfield code="a">econom&#xED;a moral que no es la nuestra -- &#xBF;Saturaci&#xF3;n comunicativa o emancipaci&#xF3;n narrativa? -- Una inevitable</subfield>
  </datafield>
  <datafield tag="505" ind1="0" ind2="0">
    <subfield code="a">colisi&#xF3;n de intereses -- El lenguaje puede decir la verdad porque primariamente sirve para mentir -- Los</subfield>
  </datafield>
  <datafield tag="505" ind1="0" ind2="0">
    <subfield code="a">inmateriales y la resensibilizaci&#xF3;n desestabilizadora -- Pensamiento que divide, silencio que re&#xFA;ne.</subfield>
  </datafield>
  <datafield tag="520" ind1=" " ind2=" ">
    <subfield code="a">Los ensayos aqu&#xED; contenidos buscan conexiones inesperadas entre la complejidad tecnol&#xF3;gica, la intoxicaci&#xF3;n</subfield>
  </datafield>
  <datafield tag="520" ind1=" " ind2=" ">
    <subfield code="a">comunicacional y la diversidad cultural. Nuestra gu&#xED;a es la seductora oferta hecha por Gregory Bateson (de</subfield>
  </datafield>
  <datafield tag="520" ind1=" " ind2=" ">
    <subfield code="a">descubrir la pauta que conecta al cangrejo con la langosta, a la orqu&#xED;dea con la an&#xE9;mona y los cuatro</subfield>
  </datafield>
  <datafield tag="520" ind1=" " ind2=" ">
    <subfield code="a">conmigo, y contigo, y a los seis con la ameba en un extremo y con el esquizofr&#xE9;nico que est&#xE1; en el</subfield>
  </datafield>
  <datafield tag="520" ind1=" " ind2=" ">
    <subfield code="a">psiqui&#xE1;trico, en el otro) que trataremos de extender a &#xE1;mbitos m&#xE1;s cercanos a nosotros en el tiempo y el</subfield>
  </datafield>
  <datafield tag="520" ind1=" " ind2=" ">
    <subfield code="a">espacio.</subfield>
  </datafield>
  <datafield tag="521" ind1=" " ind2=" ">
    <subfield code="a">1 ej.</subfield>
  </datafield>
  <datafield tag="590" ind1=" " ind2=" ">
    <subfield code="a">Bibliograf&#xED;a p. 227-271.</subfield>
  </datafield>
  <datafield tag="650" ind1="1" ind2="4">
    <subfield code="a">Cultura</subfield>
    <subfield code="9">105542</subfield>
  </datafield>
  <datafield tag="650" ind1="1" ind2="4">
    <subfield code="a">Ciberculturas</subfield>
    <subfield code="9">103006</subfield>
  </datafield>
  <datafield tag="650" ind1="1" ind2="4">
    <subfield code="a">Comunicacion</subfield>
    <subfield code="9">104034</subfield>
  </datafield>
  <datafield tag="650" ind1="1" ind2="4">
    <subfield code="a">Internet</subfield>
    <subfield code="9">113805</subfield>
  </datafield>
  <datafield tag="650" ind1="1" ind2="4">
    <subfield code="a">Fondo ciencias sociales</subfield>
    <subfield code="9">110921</subfield>
  </datafield>
  <datafield tag="999" ind1=" " ind2=" ">
    <subfield code="c">21080</subfield>
    <subfield code="d">21080</subfield>
  </datafield>
</record>
